Т. 1; Агни Йога

Bibliografische gegevens
Parent link:Агни Йога/ [Под общ. ред. Каган Г. И., Родичева Ю. Е.]. Т. 1.— : [Б. и.], 1992-
Taal:Russisch
Gepubliceerd in: Самара, 1992
Onderwerpen:
Formaat: Boek
KOHA link:https://koha.lib.tpu.ru/cgi-bin/koha/opac-detail.pl?biblionumber=18883

MARC

LEADER 00000nam2a2200000 4500
001 18883
005 20231030191443.0
035 |a (RuTPU)RU\TPU\book\19038 
035 |a BOOK00003726 
090 |a 18883 
100 |a 20011209d1992 k y0rusy50 ca 
101 0 |a rus 
102 |a RU 
105 |a y z 000zy 
200 0 |a Т. 1 
210 |a Самара  |d 1992 
215 |a 633 с. 
461 1 |0 (RuTPU)RU\TPU\book\65704  |t Агни Йога  |f [Под общ. ред. Каган Г. И., Родичева Ю. Е.]  |v Т. 1  |n [Б. и.]  |d 1992- 
610 1 |a религия 
610 1 |a этика 
610 1 |a живая этика 
610 1 |a философия 
610 1 |a неотеософия 
610 1 |a Агни Йога 
686 |a Э442  |v LBC/SL-A  |2 rubbk 
801 0 |a RU  |b 63413507  |c 20011209  |g PSBO 
801 2 |a RU  |b 63413507  |c 20170124  |g PSBO 
942 |c BK